Schidne partnerstvo: ščo prynosyt' - pro ščo zabuvaje

Bibliographic Details
Main Authors: Duleba, Alexander, 1966- (Author), Benč, Vladimír, 1977- (Author)
Format: Book
Language:Ukrainian
PhysicalDescription:18 s. 21 cm
Published: Prjašiv Adin 2009
ISBN:9788089244843
Edition:[1. vyd.]
Series:Excercise Book
Subjects:

MARC

LEADER 00000cam a2200000 a 4500
001 vtls010277364
003 SK-MaSNL
005 20260426005413.0
008 240315s2009 xo 000 0 ukr
015 |a SNBA2011/08-04152 
020 |a 9788089244843  |q (brož.) 
040 |a SNK  |b slo  |c SNK  |e AACR2 
041 0 |a ukr 
043 |a e-xo---  |a e-un--- 
044 |a xo  |c SK 
072 7 |a 327  |x Medzinárodné vzťahy, svetová politika  |2 konspekt 
080 |a 327  |2 2001 
080 |a (437.6)  |2 2001 
080 |a (477)  |2 2001 
080 |a (035)  |2 2001 
100 1 |a Duleba, Alexander,  |d 1966-  |4 aut  |9 109162 
245 1 0 |a Schidne partnerstvo: ščo prynosyt' - pro ščo zabuvaje  |c Aleksandr Duleba, Vladimir Benč 
250 |a [1. vyd.] 
260 |a Prjašiv  |b Adin  |c 2009 
300 |a 18 s.  |c 21 cm 
490 1 |a Excercise Book 
650 0 7 |a zahraničná politika  |2 SNKPH  |9 971 
650 0 7 |a Foreign policy  |2 SNKPHeng  |9 266402 
650 0 7 |a International relations  |2 SNKPHeng  |9 265830 
650 0 7 |a medzinárodné vzťahy  |2 SNKPH  |9 3690 
651 7 |a Slovensko  |2 SNKPH  |9 14231 
651 7 |a Slovakia  |2 SNKPHeng  |9 92630 
651 7 |a Ukraine  |2 SNKPHeng  |9 266376 
651 7 |a Ukrajina  |2 SNKPH  |9 168045 
655 7 |a príručky  |2 SNKPH  |9 74364 
655 7 |a Handbooks, manuals, etc.  |2 SNKPH  |9 90964 
700 1 |a Benč, Vladimír,  |d 1977-  |4 aut  |9 364257 
830 0 |a Excercise Book  |9 652637 
852 |a Štátna vedecká knižnica v Banskej Bystrici 
919 |a 978-80-89244-84-3 
958 |a UA 
958 |a NM 
968 |a 32 
999 |c 1007264  |d 1009194 
952 |a SNK  |b SNK  |y VYP  |7 0  |p 17A0702105  |o snkOSC 25538 D1  |i snk2011/10673  |8 0  |0 0  |1 0  |4 0  |d 2011-05-10  |l 0  |r 2026-02-24 12:40:14  |w 2026-02-24 
952 |a SNK  |b SNK  |y PREZ  |7 0  |p 17A0702104  |o snkOSC 25538  |i snk2011/10672  |8 0  |0 0  |1 0  |4 0  |d 2011-05-10  |l 0  |r 2026-02-24 12:40:14  |w 2026-02-24